000 00441nam a2200181Ia 4500
001 4978
005 20260306145834.0
008 260306t2005||||xx |||||||||||||| ||spa||
041 _aESP
082 _a332.4
_bC75
100 _aColl Calderón, Lourdes
_eAUT
245 0 _aCrisis monetarias en economías dolarizadas
260 _c2005
300 _a197 páginas :
_c24 cm.
650 _aGEN
654 _aCAN
942 _cLIB
_dJUS
_fJUS
_2ddc
_n
999 _c4978
_d4978